Music Quiz

Random Music or Singers Quiz

Musician by Statue Quiz Stats

 Plays Quiz Updated Mar 10, 2016

Also try: Musicians by Lego
Challenge
Share
Tweet
Score 0/20 Timer 05:00
2 Plays Today
% Correct
Elvis Presley
99.8%
John Lennon
97.6%
Michael Jackson
96.2%
Ray Charles
89.8%
Jimi Hendrix
86.1%
Amy Winehouse
85.6%
Freddie Mercury
82%
Willie Nelson
81.3%
B.B. King
74.6%
Buddy Holly
71.2%
% Correct
James Brown
63%
Dolly Parton
57.9%
Bob Marley
53%
Jim Morrison
52.9%
Johnny Ramone
37.3%
Miles Davis
37.2%
Ella Fitzgerald
36.3%
Dizzy Gillespie
27.3%
Bon Scott
23.2%
Otis Redding
18.6%

You're not logged in!

Compare scores with friends on all Sporcle quizzes.
Join for Free
OR
Log In

You Might Also Like...

Show Comments

Extras

Top Quizzes Today


Score Distribution

Your Account Isn't Verified!

In order to create a playlist on Sporcle, you need to verify the email address you used during registration. Go to your Sporcle Settings to finish the process.

Report this User

Report this user for behavior that violates our Community Guidelines.

Details: